Digital marketing all-in-one for dummies (Record no. 4950)

MARC details
000 -CABECERA
campo de control de longitud fija 02759cam a2200409 i 4500
001 - NÚMERO DE CONTROL
campo de control 8853192
003 - IDENTIFICADOR DEL NÚMERO DE CONTROL
campo de control CaAEU
005 - FECHA Y HORA DE LA ÚLTIMA TRANSACCIÓN
campo de control 20260512095310.0
006 - CÓDIGOS DE INFORMACIÓN DE LONGITUD FIJA--CARACTERÍSTICAS DEL MATERIAL ADICIONAL
campo de control de longitud fija m o d
007 - CAMPO FIJO DE DESCRIPCIÓN FÍSICA--INFORMACIÓN GENERAL
campo de control de longitud fija cr cnu---unuuu
008 - DATOS DE LONGITUD FIJA--INFORMACIÓN GENERAL
campo de control de longitud fija 190409s2019 njua o 000 0 eng d
020 ## - NÚMERO INTERNACIONAL ESTÁNDAR DEL LIBRO
Número Internacional Estándar del Libro 9781119560258
Información calificativa electronic book
020 ## - NÚMERO INTERNACIONAL ESTÁNDAR DEL LIBRO
Número Internacional Estándar del Libro 111956025X
Información calificativa electronic book
020 ## - NÚMERO INTERNACIONAL ESTÁNDAR DEL LIBRO
Número Internacional Estándar del Libro 9781119560241
Información calificativa electronic book
020 ## - NÚMERO INTERNACIONAL ESTÁNDAR DEL LIBRO
Número Internacional Estándar del Libro 1119560241
Información calificativa electronic book
020 ## - NÚMERO INTERNACIONAL ESTÁNDAR DEL LIBRO
ISBN cancelado o inválido 9781119560234
035 ## - NÚMERO DE CONTROL DEL SISTEMA
Número de control de sistema on1096185145
037 ## - FUENTE DE ADQUISICIÓN
Número de adquisición 758017AD-8183-45C3-987B-37F66431442B
Fuente del número de adquisición OverDrive, Inc.
Nota http://www.overdrive.com
039 ## - NIVEL DE CONTROL BIBLIOGRÁFICO Y DETALLES DE CODIFICACIÓN [OBSOLETO]
Nivel de reglas en descripción bibliográfica exclude
040 ## - FUENTE DE LA CATALOGACIÓN
Centro catalogador/agencia de origen N$T
Lengua de catalogación eng
Normas de descripción rda
-- pn
Centro/agencia transcriptor N$T
Centro/agencia modificador N$T
-- TEFOD
-- YDXIT
-- OCLCF
-- RECBK
-- TOH
-- UMI
-- AEU
041 ## - CÓDIGO DE LENGUA
Código de lengua del texto/banda sonora o título independiente English
050 #4 - SIGNATURA TOPOGRÁFICA DE LA BIBLIOTECA DEL CONGRESO
Número de clasificación HF5415.1265
Número de documento/Ítem .D53 2019
100 ## - ENTRADA PRINCIPAL--NOMBRE DE PERSONA
Nombre de persona Diamond, Stephanie,
Término indicativo de función/relación author.
9 (RLIN) 25896
245 10 - MENCIÓN DE TÍTULO
Título Digital marketing all-in-one for dummies
Mención de responsabilidad, etc. / by Stephanie Diamond.
264 #1 - PRODUCCIÓN, PUBLICACIÓN, DISTRIBUCIÓN, FABRICACIÓN Y COPYRIGHT
Producción, publicación, distribución, fabricación y copyright Hoboken, New Jersey :
Nombre del de productor, editor, distribuidor, fabricante John Wiley & Sons, Inc.,
Fecha de producción, publicación, distribución, fabricación o copyright [2019]
300 ## - DESCRIPCIÓN FÍSICA
Extensión 1 online resource :
Otras características físicas illustrations
490 1# - MENCIÓN DE SERIE
Mención de serie For dummies
504 ## - NOTA DE BIBLIOGRAFÍA, ETC.
Nota de bibliografía, etc. Includes bibliographical references and index.
506 ## - NOTA DE RESTRICCIONES AL ACCESO
Limitaciones de acceso Access restricted to authorized users and institutions.
520 ## - SUMARIO, ETC.
Sumario, etc. Unlock the value in online marketing A well-executed digital marketing plan is a proven component of success in business, and Digital Marketing All-In-One For Dummies covers everything you need to build and implement a winning plan. Whether you're a novice in the online space or an expert marketer looking to improve your digital ROI, this book has easy-to-absorb tips and insights that will turn online prospects into loyal customers. This book compresses the essential information on 8 topics, so you have all the information you need and none of what you don't. You'll learn social media marketing, marketing to millennials, account-based marketing, influencer marketing, content marketing strategies, and more! -Use targeted, measurable marketing strategies to promote brands and products -Increase brand awareness, customer acquisitions, and audience engagement -Measure what your online traffic is worth and improve ROI on digital marketing -Develop a solid digital marketing plan and put it to work for your brand From SEO and SEM to brand awareness and why you need it, Digital Marketing All-In-One For Dummies will help you level up your digital marketing game and avoid the common mistakes that might be holding your business back.
630 #0 - PUNTO DE ACCESO ADICIONAL DE MATERIA--TÍTULO UNIFORME
Título uniforme B3 DM Paid & Social Advertising (BiM)
9 (RLIN) 26974
650 #0 - PUNTO DE ACCESO ADICIONAL DE MATERIA--TÉRMINO DE MATERIA
Término de materia o nombre geográfico como elemento de entrada Internet marketing.
9 (RLIN) 1133
650 #0 - PUNTO DE ACCESO ADICIONAL DE MATERIA--TÉRMINO DE MATERIA
Término de materia o nombre geográfico como elemento de entrada Internet marketing
9 (RLIN) 1133
830 #0 - PUNTO DE ACCESO ADICIONAL DE SERIE-TÍTULO UNIFORME
Título uniforme --For dummies.
856 ## - LOCALIZACIÓN Y ACCESO ELECTRÓNICOS
Identificador Uniforme del Recurso <a href="https://bibliotheque.tbs-education.fr/Default/doc/SYRACUSE/3393846/digital-marketing-all-in-one-for-dummies-stephanie-diamond">https://bibliotheque.tbs-education.fr/Default/doc/SYRACUSE/3393846/digital-marketing-all-in-one-for-dummies-stephanie-diamond</a>
942 ## - ELEMENTOS DE ENTRADA AGREGADA (KOHA)
Fuente del sistema de clasificación o colocación Clasificación de Library of Congress
Holdings
Estado de retiro Estado de pérdida Fuente del sistema de clasificación o colocación Estado dañado No para préstamo Código de colección Biblioteca de origen Biblioteca actual Fecha de adquisición Total de préstamos Fecha visto por última vez Identificador Uniforme del Recurso Precio válido a partir de Tipo de ítem Koha Nota pública
    Clasificación de Library of Congress     Core Textbooks TBS Barcelona TBS Barcelona 16/09/2025   16/09/2025 https://bibliotheque.tbs-education.fr/Default/doc/SYRACUSE/3393846/digital-marketing-all-in-one-for-dummies-stephanie-diamond 16/09/2025 eBook ebook

Powered by Koha